Hráme jubilantom 2.

Bibliographic Details
Corporate Authors: Profil (hudobná skupina) (Performer), Progres (hudobná skupina) (Performer), Amadeo (hudobná skupina) (Performer), Nominácia (hudobná skupina) (Performer)
Format: CD Audio
Language:Slovak
PhysicalDescription:1 zvuková platňa digital, stereo 12 cm
Published: Považská Bystrica TONEX 2003
Subjects:

MARC

LEADER 00000njm a2200000 a 4500
001 vtls008702695
003 SK-MaSNL
005 20260302075116.0
007 sd fsngnnmmned
008 060522s2003 xo ppnng n slo
015 |a SNBJ2006 
028 0 1 |a TX 0045 2 431  |b TONEX 
040 |a SNK  |b slo  |c SNK  |e AACR2 
041 0 |d slo 
044 |a xo  |c SK 
072 7 |a 784  |x Vokálna hudba  |2 konspekt 
080 |a 784.4  |2 2001 
080 |a (086.76)  |2 2001 
245 0 0 |a Hráme jubilantom 2.  |h zvukový záznam 
260 |a Považská Bystrica  |b TONEX  |c 2003 
300 |a 1 zvuková platňa  |b digital, stereo  |c 12 cm 
500 |a Obsahuje 18 piesní 
500 |a Kompaktná platňa ADD 
511 0 |a Účinkujú hudobné skupiny: Profil, Progres, Amadeo, Nominácia a ďalšie 
650 0 7 |a populárna hudba  |2 SNKPH  |9 3428 
650 0 7 |a ľudové piesne, úpravy  |2 SNKPH  |9 339605 
655 7 |a kompaktné platne  |2 SNKPH  |9 70690 
710 2 |a Profil (hudobná skupina)  |4 prf  |9 32385 
710 2 |a Progres (hudobná skupina)  |4 prf  |9 247389 
710 2 |a Amadeo (hudobná skupina)  |4 prf  |9 83848 
710 2 |a Nominácia (hudobná skupina)  |4 prf  |9 35537 
999 |c 1167921  |d 1169851 
952 |a SNK  |b SNK  |y PREZ  |7 0  |p 17A0511057  |o snkSCD 1934  |i snk2006/10231  |8 3  |g 7.80  |0 0  |1 0  |4 0  |d 2006-05-22  |l 0  |r 2026-02-24 20:54:04  |w 2026-02-24